[Event "7. Longericher Sommer-Open"]
[Site "?"]
[Date "2010.07.31"]
[Round "2.12"]
[White "Bub, Volker"]
[Black "Neuner, Johannes"]
[Result "1-0"]
[WhiteElo "2060"]
[BlackElo "1834"]
[PlyCount "67"]
[EventDate "2010.??.??"]
[WhiteTeam "SC Tornado 86 Hochneukirch"]
[BlackTeam "SK Freiburg Zähringen 1887 e.V."]

1. e4 c6 2. d4 d5 3. Nc3 dxe4 4. Nxe4 Bf5 5. Ng3 Bg6 6. Nf3 Nd7 7. h4 h6 8. h5
Bh7 9. Bd3 Bxd3 10. Qxd3 e6 11. Bf4 Qa5+ 12. Bd2 Bb4 13. Ne4 Ngf6 14. Nd6+ Ke7
15. Nxb7 Qb6 16. c3 Bxc3 17. bxc3 Qxb7 18. Rb1 Qc7 19. g3 Rhd8 20. Qe2 Rab8 21.
O-O Qa5 22. c4 Qxh5 23. Bf4 Rb6 24. Bc7 Rc8 25. Bxb6 Nxb6 26. Kg2 Rd8 27. Qe5
Nxc4 28. Rb7+ Rd7 29. Rxd7+ Kxd7 30. Qxh5 Nxh5 31. Rc1 Nb6 32. Ne5+ Kd6 33.
Nxf7+ Kd5 34. Rc5+ 1-0

[Event "7. Longericher Sommer-Open"]
[Site "?"]
[Date "2010.07.31"]
[Round "2.13"]
[White "Dickmann, Thomas"]
[Black "Weißhuhn, Gunnar"]
[Result "1/2-1/2"]
[WhiteElo "1993"]
[BlackElo "1824"]
[PlyCount "62"]
[EventDate "2010.??.??"]
[WhiteTeam "SV Wesel 1928 e.V."]
[BlackTeam "SK Turm Euskirchen 65"]

1. e4 c5 2. c3 d6 3. d4 cxd4 4. cxd4 g6 5. Nc3 Bg7 6. h3 Nf6 7. Nf3 O-O 8. Be2
Nc6 9. Be3 Qa5 10. Qd2 Bd7 11. O-O Rfc8 12. Rfd1 Nd8 13. a3 Ne6 14. e5 Ne8 15.
b4 Qd8 16. Rac1 Nf8 17. Ne4 Bf5 18. Ng3 Bd7 19. Ne4 Bf5 20. Ng3 Bd7 21. Rxc8
Rxc8 22. Rc1 d5 23. Bd3 Rxc1+ 24. Qxc1 Qc7 25. Qb2 e6 26. Ne2 b5 27. Nc1 Bc6
28. Nb3 Nd7 29. Qc1 Nb6 30. Nc5 Nc4 31. Bh6 Qd8 1/2-1/2

[Event "7. Longericher Sommer-Open"]
[Site "?"]
[Date "2010.07.31"]
[Round "2.14"]
[White "Lambertz, Michael"]
[Black "Fieberg, Christoph"]
[Result "1-0"]
[WhiteElo "1982"]
[BlackElo "1820"]
[PlyCount "69"]
[EventDate "2010.??.??"]
[WhiteTeam "SF Esch e.V."]
[BlackTeam "Bergische SF 1923 Ber"]

1. e4 d6 2. Bc4 e6 3. Nc3 c6 4. d4 Nf6 5. Bd3 e5 6. d5 c5 7. Bg5 Be7 8. Nge2
Nxd5 9. Bb5+ Kf8 10. Nxd5 Bxg5 11. c3 Nd7 12. O-O Nb6 13. f4 a6 14. fxg5 axb5
15. Nxb6 Qxb6 16. Qd5 Qc7 17. Rf2 Qe7 18. Rd1 Ra6 19. Ng3 Be6 20. Qd2 h6 21. h4
hxg5 22. hxg5 Rh4 23. Nf5 Bxf5 24. exf5 Qc7 25. f6 g6 26. g3 Rh5 27. Rh2 Qc6
28. Rxh5 gxh5 29. g6 Qe4 30. Qh6+ Ke8 31. gxf7+ Kxf7 32. Qg7+ Ke6 33. Qe7+ Kf5
34. Rf1+ Kg4 35. Rf4+ 1-0

[Event "7. Longericher Sommer-Open"]
[Site "?"]
[Date "2010.07.31"]
[Round "2.15"]
[White "Freundlieb, Thomas"]
[Black "Bigott, Martin"]
[Result "1-0"]
[WhiteElo "1975"]
[BlackElo "1777"]
[PlyCount "57"]
[EventDate "2010.??.??"]
[WhiteTeam "SV Bergneustadt/Dersch"]
[BlackTeam "SF Lohmar 1974 e.V."]

1. d4 Nf6 2. Nf3 g6 3. Bg5 Bg7 4. Nbd2 d5 5. e3 b6 6. c3 O-O 7. b4 c5 8. bxc5
bxc5 9. Qa4 c4 10. Be2 Bd7 11. Qa3 Nc6 12. O-O h6 13. Bxf6 Bxf6 14. e4 e6 15.
Rfb1 Qa5 16. Qxa5 Nxa5 17. Ne5 Bc6 18. Nxc6 Nxc6 19. exd5 Nxd4 20. cxd4 Bxd4
21. dxe6 Bxa1 22. exf7+ Kxf7 23. Bxc4+ Kg7 24. Rxa1 Rac8 25. Bb3 Rc7 26. Re1
Rfc8 27. f3 Rc1 28. Rxc1 Rxc1+ 29. Kf2 1-0

[Event "7. Longericher Sommer-Open"]
[Site "?"]
[Date "2010.07.31"]
[Round "2.16"]
[White "Hirth, Ulrich"]
[Black "Vaskovitch, Mark"]
[Result "1-0"]
[WhiteElo "1943"]
[BlackElo "1777"]
[PlyCount "75"]
[EventDate "2010.??.??"]
[WhiteTeam "SV Schwarz-Weiß Oberha"]
[BlackTeam "SF Köln-Longerich 195"]

1. b3 c5 2. Bb2 d5 3. f4 Nc6 4. Nf3 Bd7 5. g3 e6 6. Bg2 Nf6 7. O-O Be7 8. e3
O-O 9. h3 Ne4 10. Kh2 Rc8 11. d3 Nd6 12. c4 Nf5 13. Qe2 Bf6 14. Nc3 d4 15. Ne4
Nxe3 16. Nxf6+ Qxf6 17. Qxe3 Qg6 18. Qe2 Rfe8 19. Ne5 Nxe5 20. fxe5 b6 21. Be4
f5 22. exf6 Qf7 23. fxg7 Qxg7 24. Bc1 Rf8 25. Bd2 Kh8 26. Rxf8+ Rxf8 27. Rf1
Rg8 28. Qg2 Be8 29. Rf3 h5 30. h4 Bg6 31. Bxg6 Qxg6 32. Bg5 Re8 33. Bf6+ Kg8
34. Be5 a6 35. Qe2 b5 36. Rf6 Qh7 37. Qd2 Rf8 38. Qg5+ 1-0

[Event "7. Longericher Sommer-Open"]
[Site "?"]
[Date "2010.07.31"]
[Round "2.17"]
[White "Bergner, Philipp"]
[Black "Douteil, Dominik"]
[Result "1-0"]
[WhiteElo "1930"]
[BlackElo "1776"]
[PlyCount "59"]
[EventDate "2010.??.??"]
[WhiteTeam "Mönchfelder SV 1967"]
[BlackTeam "Grefrather SV 1962 e.V"]

1. d4 Nf6 2. c4 g6 3. Nf3 Bg7 4. Nc3 d6 5. e4 O-O 6. Be2 Nc6 7. O-O e5 8. d5
Ne7 9. b4 a5 10. bxa5 Rxa5 11. a4 Nd7 12. Ba3 b6 13. Bb4 Ra8 14. a5 bxa5 15.
Rxa5 Bb7 16. Qa1 Nc5 17. Rxa8 Qxa8 18. Qxa8 Rxa8 19. Rb1 Ba6 20. Ra1 Nb3 21.
Ra3 Nd4 22. Nxd4 exd4 23. Nb5 c5 24. Bd2 Nc8 25. Nc7 Rb8 26. Rxa6 Rb1+ 27. Bf1
Nb6 28. g3 h6 29. Kg2 g5 30. Ra2 1-0

[Event "7. Longericher Sommer-Open"]
[Site "?"]
[Date "2010.07.31"]
[Round "2.18"]
[White "Zilberman, Rodion"]
[Black "Romanov, Alexey"]
[Result "0-1"]
[WhiteElo "1913"]
[BlackElo "1673"]
[PlyCount "109"]
[EventDate "2010.??.??"]
[WhiteTeam "SF Köln-Longerich 195"]
[BlackTeam "SK Mannheim 1946 e.V."]

1. d4 d5 2. c4 c6 3. Nf3 Nf6 4. Bg5 Ne4 5. Bf4 a6 6. e3 Bg4 7. Be2 e6 8. O-O
Bd6 9. Bxd6 Qxd6 10. Qc2 b5 11. cxb5 cxb5 12. Qc8+ Qd8 13. Qxd8+ Kxd8 14. Rc1
Ra7 15. h3 Bh5 16. g4 Bg6 17. Nc3 Rc7 18. Nxe4 Rxc1+ 19. Rxc1 dxe4 20. Ne5 f6
21. Nc6+ Kd7 22. Nb4 Rc8 23. Rxc8 Kxc8 24. Kg2 Kc7 25. Kg3 a5 26. Nc2 b4 27. h4
h6 28. Na1 e5 29. dxe5 fxe5 30. Bd1 Bf7 31. Bb3 Be8 32. Bc2 Bf7 33. Nb3 a4 34.
Nc5 Bxa2 35. Nxa4 Kc6 36. b3 Kb5 37. Nb2 Nd7 38. Nc4 Nc5 39. Nd2 Kc6 40. h5 Kd6
41. g5 Ke6 42. Kg4 Nd3 43. Bxd3 exd3 44. e4 Kd6 45. gxh6 gxh6 46. Kf5 Kc5 47.
Kxe5 Bxb3 48. Nxb3+ Kc4 49. Nd2+ Kc3 50. Nb1+ Kc2 51. Kd4 Kxb1 52. Kxd3 Ka2 53.
e5 b3 54. Kd4 b2 55. e6 0-1

[Event "7. Longericher Sommer-Open"]
[Site "?"]
[Date "2010.07.31"]
[Round "2.19"]
[White "Wulfken, Christof"]
[Black "Granz, Thomas"]
[Result "1-0"]
[WhiteElo "1898"]
[BlackElo "1650"]
[PlyCount "61"]
[EventDate "2010.??.??"]
[WhiteTeam "SF Schlebusch"]
[BlackTeam "SVigung 1919 Königsspr"]

1. d4 e5 2. dxe5 Nc6 3. Nf3 d6 4. Bg5 f6 5. exf6 Nxf6 6. e3 Be7 7. Bc4 d5 8.
Bb3 Be6 9. O-O h6 10. Bxf6 Bxf6 11. c3 Qd6 12. Nd4 Nxd4 13. cxd4 O-O-O 14. Nc3
a6 15. Rc1 h5 16. Qc2 Qe7 17. Na4 Rd6 18. Nc5 Bf7 19. a4 g5 20. a5 Be8 21. Qf5+
Bd7 22. Nxd7 Qxd7 23. Qxd7+ Rxd7 24. e4 Bxd4 25. Bxd5 Re8 26. Rfd1 Bxb2 27. Rb1
c6 28. Rxb2 cxd5 29. f3 d4 30. Rc2+ Kb8 31. Rc5 1-0

[Event "7. Longericher Sommer-Open"]
[Site "?"]
[Date "2010.07.31"]
[Round "2.20"]
[White "Herms, Stefan"]
[Black "Jakob, Matthias"]
[Result "1-0"]
[WhiteElo "1671"]
[BlackElo "1880"]
[PlyCount "83"]
[EventDate "2010.??.??"]
[WhiteTeam "SC Erkrath 1973"]
[BlackTeam "Turn- u. SpV Düsseldorf-"]

1. e4 c5 2. Nc3 Nc6 3. g3 g6 4. Bg2 Bg7 5. d3 d6 6. Be3 e5 7. Qd2 Nge7 8. Bh6
O-O 9. h4 Bxh6 10. Qxh6 f6 11. Qd2 Nd4 12. Nce2 b5 13. c3 Ndc6 14. f4 b4 15. h5
Qa5 16. hxg6 Nxg6 17. f5 Nge7 18. Nf3 Rf7 19. Kf2 bxc3 20. bxc3 Ba6 21. Rh4 Kh8
22. Rah1 Rg8 23. Rh6 Rgg7 24. Nh4 Nd4 25. Ng6+ Nxg6 26. fxg6 Rb7 27. Nc1 Nb5
28. Ne2 Nd4 29. Nc1 c4 30. Bf1 Nb5 31. Qe2 cxd3 32. Qxd3 Qa3 33. Qc4 Qc5+ 34.
Qxc5 dxc5 35. a4 Nc7 36. Rxh7+ Rxh7 37. Rxh7+ Kg8 38. Bxa6 Rb2+ 39. Be2 Ne6 40.
Rxa7 Ng5 41. Ke3 Rc2 42. Bc4+ 1-0

[Event "7. Longericher Sommer-Open"]
[Site "?"]
[Date "2010.07.31"]
[Round "2.21"]
[White "Smets, Heike"]
[Black "Kuhn, Andreas"]
[Result "0-1"]
[WhiteElo "1640"]
[BlackElo "1856"]
[PlyCount "88"]
[EventDate "2010.??.??"]
[WhiteTeam "vereinslos"]
[BlackTeam "SG Niederkassel"]

1. d4 Nf6 2. Nf3 g6 3. e3 Bg7 4. c4 O-O 5. Bd3 c5 6. Nc3 cxd4 7. exd4 d5 8. c5
Nc6 9. O-O Bg4 10. Be3 b6 11. h3 Bxf3 12. Qxf3 bxc5 13. dxc5 d4 14. Qxc6 dxe3
15. Rad1 exf2+ 16. Rxf2 Qa5 17. Ba6 Rad8 18. Rxd8 Qxd8 19. Qb7 Nh5 20. c6 Bd4
21. c7 Bxf2+ 22. Kxf2 Qd4+ 23. Ke1 Qg1+ 24. Bf1 (24. Kd2 $18) 24... Ng3 25. Qf3
Nxf1 26. Qxf1 Qxf1+ 27. Kxf1 Rc8 28. Nd5 Kf8 29. Kf2 e6 30. Ne3 Rxc7 31. b4 Ke7
32. Ke2 f5 33. Kd3 e5 34. Nd5+ Kd6 35. Nxc7 Kxc7 36. a4 a6 37. Kc4 Kc6 38. g3
g5 39. b5+ axb5+ 40. axb5+ Kb6 41. Kd5 f4 42. gxf4 gxf4 43. Ke4 Kxb5 44. h4 Kc6
0-1

[Event "7. Longericher Sommer-Open"]
[Site "?"]
[Date "2010.07.31"]
[Round "2.22"]
[White "Gutt, Oswald"]
[Black "Spradley, Julian"]
[Result "1/2-1/2"]
[WhiteElo "1891"]
[BlackElo "1753"]
[PlyCount "58"]
[EventDate "2010.??.??"]
[WhiteTeam "Bergische SF 1923 Ber"]
[BlackTeam "SV Erftstadt e.V."]

1. d4 f5 2. Nf3 Nf6 3. g3 g6 4. Bg2 Bg7 5. O-O O-O 6. c4 d6 7. Nc3 Qe8 8. d5
Na6 9. Nd4 Bd7 10. b3 h6 11. Bb2 g5 12. e3 f4 13. Ne6 Bxe6 14. dxe6 c6 15. exf4
gxf4 16. Qe2 Nc7 17. Rad1 Qg6 18. Bf3 h5 19. Kh1 Ng4 20. h3 Ne5 21. Be4 Qxe6
22. Qxh5 Rf6 23. Qh7+ Kf8 24. gxf4 Rh6 25. Qf5+ Qxf5 26. Bxf5 Ng6 27. Bxg6 Bxc3
28. Bxc3 Rxh3+ 29. Kg2 Rxc3 1/2-1/2

[Event "7. Longericher Sommer-Open"]
[Site "?"]
[Date "2010.07.31"]
[Round "2.23"]
[White "Zotkin, Alexander"]
[Black "Lensink, Daan"]
[Result "1-0"]
[WhiteElo "1876"]
[BlackElo "1768"]
[PlyCount "67"]
[EventDate "2010.??.??"]
[WhiteTeam "SF Köln-Longerich 195"]
[BlackTeam "BSV(Baarn, Niederlande)"]

1. e4 e6 2. d4 d5 3. Nd2 Nf6 4. e5 Nfd7 5. Bd3 c5 6. c3 Nc6 7. Ndf3 cxd4 8.
cxd4 Be7 9. Ne2 f6 10. Nf4 Nf8 11. O-O g5 12. exf6 Bxf6 13. Nh5 Rg8 14. Nxf6+
Qxf6 15. Ne5 Nxe5 16. dxe5 Qxe5 17. Re1 Qg7 18. Bb5+ Bd7 19. Qxd5 Bxb5 20.
Qxb5+ Qd7 21. Qe5 Qg7 22. Qc5 Qe7 23. Qc4 Rg6 24. Bd2 Nd7 25. Bb4 Qf7 26. Rad1
Rf6 27. Rd6 e5 28. Rd5 Qe6 29. Qb5 Qc6 30. Qd3 h6 31. Rdxe5+ Kd8 (31... Nxe5
32. Rxe5+ Re6 33. Qg6+) 32. Re8+ Kc7 33. Rxa8 Qb6 34. Rc1+ 1-0

[Event "7. Longericher Sommer-Open"]
[Site "?"]
[Date "2010.07.31"]
[Round "2.26"]
[White "Jordans, Ralph"]
[Black "Plitt, Stefan"]
[Result "1-0"]
[WhiteElo "1812"]
[BlackElo "1582"]
[PlyCount "59"]
[EventDate "2010.??.??"]
[WhiteTeam "Ford-SF Köln e.V."]
[BlackTeam "SF Köln-Mülheim e.V."]

1. c4 g6 2. g3 Bg7 3. Bg2 e6 4. Nc3 Ne7 5. d3 d5 6. Qb3 Nbc6 7. e3 O-O 8. cxd5
Bxc3+ 9. bxc3 Nxd5 10. Ba3 Re8 11. Rd1 Qf6 12. Bb2 Nb6 13. c4 e5 14. h3 Qd6 15.
Ne2 a5 16. O-O a4 17. Qc3 Qb4 18. Qc2 Qc5 19. Nc3 Bf5 20. g4 Bd7 21. Ne4 Qe7
22. g5 Red8 23. Nf6+ Kg7 24. f4 a3 25. Ba1 Nb4 26. Qf2 Ba4 27. Bxe5 Kf8 28.
Nxh7+ Ke8 29. Nf6+ Qxf6 30. Bxf6 1-0

[Event "7. Longericher Sommer-Open"]
[Site "?"]
[Date "2010.07.31"]
[Round "2.27"]
[White "Lasschuit, Rene"]
[Black "Langosch, Thomas"]
[Result "0-1"]
[WhiteElo "1800"]
[BlackElo "1538"]
[PlyCount "90"]
[EventDate "2010.??.??"]
[WhiteTeam "SV Het Probleem Amsterdam"]
[BlackTeam "SG Motor Barleben"]

1. d4 d5 2. Nf3 e6 3. g3 Bd6 4. Bg2 h6 5. Nbd2 Nf6 6. c4 c6 7. O-O O-O 8. Qc2
Nbd7 9. e4 dxe4 10. Nxe4 Nxe4 11. Qxe4 Nf6 12. Qc2 Re8 13. Rd1 Qc7 14. c5 Be7
15. Bf4 Qd8 16. Ne5 Nd5 17. Qd2 Nxf4 18. Qxf4 f6 19. Ng6 Kf7 20. Be4 f5 21.
Ne5+ Kg8 22. Bf3 Bg5 23. Nxc6 bxc6 24. Qe5 Bd7 25. Rd3 Rb8 26. Rad1 Bf6 27. Qd6
Rxb2 28. Ra3 a5 29. Rdd3 Bg5 30. Rdb3 Rxb3 31. Rxb3 Qc8 32. Ra3 Bd8 33. Qf4 Bc7
34. Qd2 Rd8 35. Qb2 Qa8 36. Qe2 Bc8 37. Qe3 Rf8 38. Rb3 Rf6 39. Bg2 Ba6 40. Rc3
a4 41. Rc2 Qb7 42. Qc1 Bb5 43. Rb2 Qc8 44. f4 Ba5 45. Bf3 Qd8 0-1

[Event "7. Longericher Sommer-Open"]
[Site "?"]
[Date "2010.07.31"]
[Round "2.28"]
[White "Margenberg, Volker"]
[Black "Stelzer, Wolfgang"]
[Result "0-1"]
[WhiteElo "1550"]
[BlackElo "1799"]
[PlyCount "78"]
[EventDate "2010.??.??"]
[WhiteTeam "SV Wiehl 1923 e.V."]
[BlackTeam "SC Wittlich 1947"]

1. d4 Nf6 2. c4 c5 3. d5 b5 4. cxb5 a6 5. bxa6 Bxa6 6. Nc3 d6 7. Nf3 g6 8. g3
Bg7 9. Bg2 O-O 10. O-O Nbd7 11. Re1 Ng4 12. e4 Nge5 13. Bf1 Nxf3+ 14. Qxf3 Ne5
15. Qd1 Bxf1 16. Kxf1 c4 17. f4 Nd3 18. Re3 Nc5 19. Qe2 Bd4 20. Rf3 Qc8 21. f5
Nd7 22. Bf4 f6 23. g4 g5 24. Bg3 Be5 25. Kg2 Kg7 26. Bxe5 Nxe5 27. Rg3 Rh8 28.
Rh1 Rb8 29. h4 h6 30. hxg5 fxg5 31. Kh2 Qc5 32. Qd2 Kf6 33. a4 Rb3 34. Ra1 Rhb8
35. Rb1 Nd3 36. Nd1 Qd4 37. Rg2 Qe5+ 38. Kg1 Qxe4 39. Ne3 Nf4 0-1

[Event "7. Longericher Sommer-Open"]
[Site "?"]
[Date "2010.07.31"]
[Round "2.29"]
[White "de Vivie, Achim"]
[Black "Martens, Nick"]
[Result "1-0"]
[WhiteElo "1767"]
[BlackElo "1518"]
[PlyCount "59"]
[EventDate "2010.??.??"]
[WhiteTeam "SF Köln-Longerich 195"]
[BlackTeam "SF Battenberg"]

1. e4 d5 2. exd5 Qxd5 3. Nc3 Qa5 4. d4 Nf6 5. Bd3 c6 6. a3 Bg4 7. f3 Bh5 8.
Nge2 e6 9. O-O Bd6 10. Bf4 Qc7 11. Qd2 Bg6 12. Ne4 Nxe4 13. fxe4 e5 14. dxe5
Bxe5 15. Rad1 Nd7 16. b4 O-O-O 17. Qe3 Kb8 18. c4 Nf6 19. h3 Nh5 20. Bxe5 Qxe5
21. Bb1 Nf6 22. Nc3 Nh5 23. Kf2 Rhf8 24. b5 Nf6 25. bxc6 bxc6 26. Bc2 Qa5 27.
Rb1+ Kc7 28. Rb3 Rb8 29. Qf4+ Kd7 30. Rd1+ 1-0

[Event "7. Longericher Sommer-Open"]
[Site "?"]
[Date "2010.07.31"]
[Round "2.30"]
[White "Sewald, Jörg"]
[Black "Dijkhuis, Tycho"]
[Result "0-1"]
[WhiteElo "1525"]
[BlackElo "1697"]
[PlyCount "60"]
[EventDate "2010.??.??"]
[WhiteTeam "SK Köln-Worringen 1972"]
[BlackTeam "Moira Domtoren(Utrecht, Niederl"]

1. Nf3 c5 2. g3 g6 3. Bg2 Bg7 4. d3 Nf6 5. Nbd2 d6 6. b3 Nd5 7. Ba3 Qa5 8. Qc1
Bxa1 9. Qxa1 O-O 10. Bb2 Nb4 11. O-O Nxc2 12. Qc1 Nd4 13. Nxd4 cxd4 14. Bxd4
Nc6 15. Bc3 Qh5 16. Bf3 Bg4 17. Bxg4 Qxg4 18. Ne4 Rac8 19. Qd2 d5 20. f3 Qd7
21. Qh6 f6 22. Ng5 e5 23. Nh3 Ne7 24. Bb4 Nf5 25. Qd2 Rf7 26. g4 Nd4 27. e3 Rc2
28. Qd1 Rc1 29. Qd2 Nxf3+ 30. Kf2 Rxf1+ 0-1

[Event "7. Longericher Sommer-Open"]
[Site "?"]
[Date "2010.07.31"]
[Round "2.31"]
[White "Dorloff, Jakobus"]
[Black "Kirst, Peter"]
[Result "0-1"]
[WhiteElo "1517"]
[BlackElo "1687"]
[PlyCount "100"]
[EventDate "2010.??.??"]
[WhiteTeam "Betriebssportgemeinschaft Rheinp"]
[BlackTeam "SV Erftstadt e.V."]

1. e4 d6 2. d4 Nf6 3. Nc3 g6 4. Be3 c6 5. Qd2 Qa5 6. O-O-O Na6 7. f4 Ng4 8. e5
Nxe3 9. Qxe3 Bg4 10. Be2 Bxe2 11. Ngxe2 O-O-O 12. a3 Kb8 13. Kb1 e6 14. Nc1 d5
15. Nb3 Qc7 16. g4 c5 17. dxc5 Nxc5 18. Nd4 a6 19. b4 Nd7 20. Na4 b5 21. Nb2
Rc8 22. Rd2 Nb6 23. Rc1 Bh6 24. g5 Bf8 25. Qb3 h6 26. h4 hxg5 27. hxg5 Nc4 28.
Nxc4 Qxc4 29. Qxc4 Rxc4 30. c3 Rh4 31. Rf2 Be7 32. Kb2 Bd8 33. Rf3 Bb6 34. Rd1
Rh2+ 35. Kb3 Kb7 36. a4 Bxd4 37. Rxd4 bxa4+ 38. Kxa4 Rxd4 39. cxd4 Rd2 40. b5
Rxd4+ 41. Ka5 axb5 42. Kxb5 Kc7 43. Kc5 Rc4+ 44. Kb5 Re4 45. Rf2 d4 46. Kc4 Kc6
47. Kd3 Kd5 48. Rf3 Re1 49. Kd2 Ke4 50. Rb3 Rf1 0-1

[Event "7. Longericher Sommer-Open"]
[Site "?"]
[Date "2010.07.31"]
[Round "2.32"]
[White "Kürten, Lothar"]
[Black "Gail, Edgar"]
[Result "1-0"]
[WhiteElo "1677"]
[BlackElo "1502"]
[PlyCount "59"]
[EventDate "2010.??.??"]
[WhiteTeam "SF Köln-Longerich 195"]
[BlackTeam "Klub Kölner SF e.V. 1"]

1. e4 c5 2. d4 cxd4 3. c3 dxc3 4. Nxc3 d6 5. Nf3 e6 6. Bc4 Nc6 7. O-O Be7 8.
Qe2 a6 9. Rd1 Qc7 10. Bf4 Nf6 11. Rac1 O-O 12. Bb3 Rd8 13. h3 Bd7 14. e5 dxe5
15. Nxe5 Qa5 16. Nc4 Qf5 17. Bc7 Bc5 18. Bc2 Qg5 19. Ne4 Nxe4 20. Qxe4 f5 21.
Qe1 Nd4 22. Rxd4 Bxd4 23. Rd1 Rdc8 24. Rxd4 Rxc7 25. Rxd7 Rxd7 26. Qxe6+ Kh8
27. Qxd7 Rd8 28. Qxf5 Qc1+ 29. Kh2 Qh6 30. Ne5 1-0

[Event "7. Longericher Sommer-Open"]
[Site "?"]
[Date "2010.07.31"]
[Round "2.34"]
[White "Reinartz, Ulrich"]
[Black "Jansen, Kurt"]
[Result "1-0"]
[WhiteElo "1630"]
[BlackElo "1449"]
[PlyCount "101"]
[EventDate "2010.??.??"]
[WhiteTeam "vereinslos"]
[BlackTeam "SK Sülz-Klettenberg"]

1. e4 e6 2. d4 d5 3. e5 c5 4. c3 Qb6 5. a3 Nc6 6. Nf3 Bd7 7. Be2 Rc8 8. O-O
cxd4 9. cxd4 Nge7 10. b4 a6 11. Bb2 Ng6 12. Nbd2 Nf4 13. Nb3 Nxe2+ 14. Qxe2 Be7
15. Nc5 Bxc5 16. dxc5 Qd8 17. Rac1 Na7 18. Rfd1 Bb5 19. Qe3 h6 20. Nd4 Ba4 21.
Rd3 Nc6 22. f4 Nxd4 23. Qxd4 O-O 24. Rf3 Bd7 25. f5 exf5 26. e6 f6 27. exd7
Qxd7 28. Rd1 Rcd8 29. Rfd3 Qe6 30. Re3 Qd7 31. Rde1 Rf7 32. Qd2 Qc7 33. Re8+
Rxe8 34. Rxe8+ Kh7 35. Qxd5 Kg6 36. Qd6 Qd7 37. Qxd7 Rxd7 38. Re2 Kf7 39. Kf2
Rd3 40. Rc2 Kg6 41. Ke2 Rd7 42. a4 Re7+ 43. Kd3 Re4 44. Rc4 Re1 45. b5 Re6 46.
c6 axb5 47. axb5 bxc6 48. bxc6 Re8 49. c7 Rc8 50. Bd4 Kf7 51. Bb6 1-0

[Event "7. Longericher Sommer-Open"]
[Site "?"]
[Date "2010.07.31"]
[Round "2.35"]
[White "Shishkov, Mark"]
[Black "Karwatzki, Hans-Jürgen"]
[Result "0-1"]
[WhiteElo "1450"]
[BlackElo "1609"]
[PlyCount "136"]
[EventDate "2010.??.??"]
[WhiteTeam "SC Erkrath 1973"]
[BlackTeam "Vereinigung der SF Stadtverw. Bo"]

1. d4 Nf6 2. c4 e5 3. dxe5 Ng4 4. Nf3 Nc6 5. e3 Bb4+ 6. Bd2 Qe7 7. Be2 Ngxe5 8.
O-O a5 9. Nc3 Bxc3 10. Bxc3 Nxf3+ 11. Bxf3 Ra6 12. Bxg7 Rg8 13. Bd4 Ne5 14.
Bxe5 Qxe5 15. Qd4 Qg5 16. Qe4+ Re6 17. Qxh7 d6 18. h4 Rh6 19. Qe4+ Qe7 20.
Qxe7+ Kxe7 21. h5 Bg4 22. Bxb7 Be2 23. Rfe1 Bxh5 24. b3 Kd7 25. Be4 Bg4 26. g3
Rgh8 27. Bg2 Ke6 28. a3 Rb8 29. Rab1 Bf5 30. e4 Bg6 31. Red1 f5 32. exf5+ Bxf5
33. Rb2 Kf6 34. Rd5 a4 35. b4 Be6 36. Rd4 Rh5 37. Rf4+ Rf5 38. Rxf5+ Bxf5 39.
Bc6 Bd3 40. Bxa4 Bxc4 41. Rc2 Bd5 42. Bc6 Bb3 43. Rc3 Be6 44. Bg2 Rc8 45. Bb7
Rb8 46. Rxc7 d5 47. Ba6 d4 48. Bd3 Ra8 49. Bc4 Bh3 50. Kh2 Bf5 51. Rc6+ Ke7 52.
Rc5 Bg4 53. Rd5 Bf3 54. Rxd4 Rxa3 55. g4 Bb7 56. Rd3 Ra1 57. g5 Rh1+ 58. Kg3
Rg1+ 59. Kf4 Rb1 60. Re3+ Kf8 61. b5 Rb4 62. Kf5 Rxc4 63. f4 Bc8+ 64. Ke5 Rc5+
65. Kf6 Rf5+ 66. Kg6 Rxf4 67. Re5 Bd7 68. Rd5 Be8+ 0-1

[Event "7. Longericher Sommer-Open"]
[Site "?"]
[Date "2010.07.31"]
[Round "2.36"]
[White "Rieger, Isabelle"]
[Black "Knütter, Helmut"]
[Result "0-1"]
[WhiteElo "1405"]
[BlackElo "1593"]
[PlyCount "94"]
[EventDate "2010.??.??"]
[WhiteTeam "SV Fideler Bauer Lever"]
[BlackTeam "SK Sülz-Klettenberg"]

1. d4 Nf6 2. Nf3 b6 3. g3 Bb7 4. Bg2 e6 5. c4 Bb4+ 6. Nc3 Ne4 7. Qb3 Bxc3+ 8.
bxc3 O-O 9. O-O Qc8 10. d5 Nc5 11. Qd1 d6 12. Ng5 h6 13. Ne4 Nbd7 14. Nd2 e5
15. Ba3 Qd8 16. f4 Qe7 17. e4 exf4 18. gxf4 f5 19. Bxc5 Nxc5 20. Qc2 Bc8 21. e5
dxe5 22. d6 Qxd6 23. Bxa8 c6 24. fxe5 Qc7 25. Bxc6 Qxc6 26. Nf3 Ne4 27. Qd3
Qg6+ 28. Kh1 Bb7 29. Qe2 Qh5 30. Kg1 Nxc3 31. Qf2 Ne4 32. Qh4 Qg6+ 33. Kh1 Nd2
34. Qf4 Nxf3 35. Rxf3 Bxf3+ 36. Qxf3 Qg4 37. Qxg4 fxg4 38. Kg2 Re8 39. Re1 Kf7
40. Kg3 h5 41. Kf4 Kg6 42. Re2 Rc8 43. Rc2 Rc5 44. a4 Kf7 45. Kf5 g6+ 46. Ke4
Ke6 47. Kf4 Rxe5 0-1

[Event "7. Longericher Sommer-Open"]
[Site "?"]
[Date "2010.07.31"]
[Round "2.37"]
[White "Stadtfeld, Martin"]
[Black "Nagel, Detlev"]
[Result "1-0"]
[WhiteElo "1593"]
[BlackElo "1361"]
[PlyCount "55"]
[EventDate "2010.??.??"]
[WhiteTeam "SC Jünkerath"]
[BlackTeam "TSV Burgdorf"]

1. c4 g6 2. Nf3 Bg7 3. d4 d6 4. g3 Nf6 5. Bg2 c6 6. O-O O-O 7. Nc3 Nbd7 8. Qc2
Nb6 9. b3 a6 10. Bb2 Nbd7 11. Rad1 b5 12. e4 bxc4 13. bxc4 Qc7 14. e5 dxe5 15.
dxe5 Nxe5 16. Nxe5 Qxe5 17. Nd5 Qh5 18. Nxe7+ Kh8 19. Bxc6 Ra7 20. Nd5 Nxd5 21.
Bxg7+ Kxg7 22. Bxd5 Bb7 23. Qc3+ Kg8 24. Qe3 Rfa8 25. Bxf7+ Kxf7 26. Rd7+ Kg8
27. Qe6+ Kh8 28. Qf6+ 1-0

[Event "7. Longericher Sommer-Open"]
[Site "?"]
[Date "2010.07.31"]
[Round "2.38"]
[White "Fieberg, Samuel"]
[Black "Knobeloch, Olaf"]
[Result "0-1"]
[WhiteElo "1355"]
[BlackElo "1460"]
[PlyCount "60"]
[EventDate "2010.??.??"]
[WhiteTeam "SF Köln-Mülheim e.V."]
[BlackTeam "Pulheimer Sport-Club 1924/57 e.V"]

1. e4 d6 2. d4 Nf6 3. Nc3 g6 4. Be2 Bg7 5. Nf3 Bg4 6. Be3 c6 7. h3 Bd7 8. Qd2
b5 9. a3 O-O 10. O-O Bc8 11. Bh6 Nbd7 12. Bxg7 Kxg7 13. e5 Ne8 14. d5 Nxe5 15.
dxc6 Nxf3+ 16. Bxf3 Qb6 17. Nd5 Qb8 18. Qd4+ e5 19. Qh4 Be6 20. c7 Qc8 21. Nc3
Nxc7 22. Bxa8 Qxa8 23. Rae1 Bc4 24. f4 Bxf1 25. Rxf1 e4 26. f5 d5 27. f6+ Kh8
28. Qh6 Rg8 29. Rf4 Qf8 30. Qg5 Ne6 0-1

[Event "7. Longericher Sommer-Open"]
[Site "?"]
[Date "2010.07.31"]
[Round "2.39"]
[White "Tychev, Daniel"]
[Black "Klein, Markus"]
[Result "0-1"]
[WhiteElo "883"]
[BlackElo "1333"]
[PlyCount "116"]
[EventDate "2010.??.??"]
[WhiteTeam "SK Mannheim 1946 e.V."]
[BlackTeam "SK Sülz-Klettenberg"]

1. e4 e5 2. Nf3 d6 3. d4 exd4 4. Nxd4 Nf6 5. Nc3 Bd7 6. Bc4 Nc6 7. Nf3 Be7 8.
Be3 O-O 9. O-O Bg4 10. Be2 Bh5 11. Qd2 Ng4 12. g3 Nxe3 13. fxe3 Bxf3 14. Bxf3
Ne5 15. b3 c6 16. Rad1 Bf6 17. Ne2 Qb6 18. Nd4 Rad8 19. Nf5 Bg5 20. Qd4 c5 21.
Qc3 Bf6 22. Qd2 c4 23. Qd5 cxb3 24. axb3 g6 25. Nd4 Nxf3+ 26. Rxf3 Bxd4 27.
exd4 Qc6 28. Qxc6 bxc6 29. Rfd3 d5 30. exd5 cxd5 31. c4 dxc4 32. bxc4 f5 33.
Kg2 Rfe8 34. Kf2 Kf7 35. d5 Ke7 36. d6+ Kd7 37. c5 Kc6 38. d7 Re7 39. Rd5 Rexd7
40. Rxd7 Rxd7 41. Rxd7 Kxd7 42. Ke3 Kc6 43. Kd4 a5 44. Kc4 g5 45. Kd4 a4 46.
Kc3 f4 47. gxf4 gxf4 48. Kb4 f3 49. Kxa4 f2 50. Kb3 f1=Q 51. Kc3 Kxc5 52. Kd2
Qf3 53. h4 h5 54. Kc2 Qe3 55. Kb2 Kc4 56. Kc2 Qe2+ 57. Kb1 Kb3 58. Kc1 Qe1# 0-1